Semi Autonomous Quadcopter (Record no. 27988)
[ view plain ]
| 000 -LEADER | |
|---|---|
| fixed length control field | 00472nam a2200133Ia 4500 |
| 008 - FIXED-LENGTH DATA ELEMENTS--GENERAL INFORMATION | |
| fixed length control field | 250506s9999 xx 000 0 und d |
| 024 ## - OTHER STANDARD IDENTIFIER | |
| Standard number or code | 08B-160-EE, 09B-71-EE, 09B-72-EE, 09B-83-EE & 09B-97-EE |
| 082 ## - DEWEY DECIMAL CLASSIFICATION NUMBER | |
| Classification number | 629.1331352072 UMA |
| 100 ## - MAIN ENTRY--PERSONAL NAME | |
| Personal name | Kashan Shamsi, M. Zain ul Abdin, Umer Malik, M. Umair Ahmed & Ahad Habib |
| 245 #0 - TITLE STATEMENT | |
| Title | Semi Autonomous Quadcopter |
| 260 ## - PUBLICATION, DISTRIBUTION, ETC. | |
| Place of publication, distribution, etc. | Karachi: |
| Name of publisher, distributor, etc. | UIT, |
| Date of publication, distribution, etc. | 2009 |
| 600 ## - SUBJECT ADDED ENTRY--PERSONAL NAME | |
| Personal name | Electronic Engineering |
| 650 ## - SUBJECT ADDED ENTRY--TOPICAL TERM | |
| Topical term or geographic name entry element | Bachelor of Engineering (BE) |
| Withdrawn status | Lost status | Damaged status | Not for loan | Collection | Home library | Current library | Date acquired | Total checkouts | Full call number | Barcode | Date last seen | Price effective from | Koha item type |
|---|---|---|---|---|---|---|---|---|---|---|---|---|---|
| PR-Electrical Engineering | UITU Library | UITU Library | 07/26/2022 | 629.1331352072 UMA | EE-235 | 05/06/2025 | 05/06/2025 | Project Report |

